| 000 | 00668nam a22002297a 4500 | ||
|---|---|---|---|
| 999 |
_c4258 _d4258 |
||
| 003 | AR-CdUCM | ||
| 008 | 190308b ||||| |||| 00| 0 spa d | ||
| 020 | _a968-16-1941-2 | ||
| 040 |
_aMUNICIPALIDAD PROVINCIAL DEL CUSCO _cBIBLIOTECA MUNICIPAL DEL CUSCO |
||
| 082 |
_a869.1 / _bL86 |
||
| 100 |
_aLópez Páez, Jorge _94320 |
||
| 245 | _aEl Solitario Atlántico / | ||
| 260 |
_aMexico : _bFondo de Cultura Economico, _c1984. |
||
| 300 |
_a115 paginas ; _c21cm. |
||
| 440 |
_aLecturas Mexicanas _n92 _913463 |
||
| 650 |
_aLiteratura _983 |
||
| 650 |
_aMexico _918 |
||
| 650 |
_aSglo XX _913464 |
||
| 650 |
_aAtlantico _913465 |
||
| 942 |
_2ddc _cLIBROS |
||
| 945 | _apjha | ||